000 01042cam a22003137a 4500
001 14006844
003 OSt
005 20210213163504.0
008 050617s2002 flua b 001 0 eng d
010 _a 2005531082
020 _z0971744906
035 _a(OCoLC)ocm53067231
040 _aOMC
_cOMC
_dOCLCQ
_dDLC
_dPHNSL
042 _alccopycat
050 0 0 _aRT76
_b.C678 2002
082 0 0 _a610.73/071/1
_222
245 0 0 _aConversations in nursing professional development /
_cBelinda E. Puetz, Julia W. Aucoin, Editors.
260 _aPensacola, FL :
_bPohl Pub.,
_c2002.
300 _ax, 413 p. :
_bill. ;
_c28 cm.
504 _aIncludes bibliographical references and index.
650 0 _aNursing
_xStudy and teaching (Continuing education)
650 0 _aNurses
_xIn-service training.
650 0 _aCareer development.
700 1 _aPuetz, Belinda E.
700 1 _aAucoin, Julia W.
906 _a7
_bcbc
_ccopycat
_d2
_encip
_f20
_gy-gencatlg
942 _2lcc
_cBK
999 _c314
_d314